[Event "29th Czech Rapid G1 2018"]
[Site "Pardubice CZE"]
[Date "2018.07.18"]
[Round "3.48"]
[White "Gabr, Mohsen"]
[Black "Salykin, Aleksandr"]
[Result "1-0"]
[WhiteTitle "FM"]
[WhiteElo "2287"]
[BlackElo "1862"]
[WhiteFideId "10619593"]
[BlackFideId "44107730"]
[EventDate "2018.07.18"]

1. d4 d5 2. Bf4 Nf6 3. e3 c5 4. Nf3 Nc6 5. Nc3 a6 6. dxc5 e6 7. Na4 Qa5+ 8. c3
Bxc5 9. Nxc5 Qxc5 10. h3 O-O 11. Be2 Re8 12. O-O e5 13. Bh2 Bf5 14. Qb3 Qe7 15.
a4 Rad8 16. Rfe1 h6 17. Rad1 Rd7 18. Bf1 Red8 19. g4 Be4 20. Nd2 Qc5 21. Nxe4
Nxe4 22. Bg2 Nf6 23. Bg3 Ne8 24. Bh4 f6 25. Bg3 Kh8 26. Qc2 Qe7 27. b4 Nc7 28.
Qb3 b5 29. axb5 axb5 30. Ra1 Qd6 31. f4 e4 32. Kh2 Qe7 33. Red1 Qf7 34. Rd2 Kg8
35. Rad1 Nb8 36. f5 Kf8 37. Qa2 Nc6 38. Bxe4 Ne5 39. Bxe5 fxe5 40. Bg2 h5 41.
Rf2 hxg4 42. hxg4 Qf6 43. Bh3 Ne8 44. Rg2 e4 45. Qd2 Qe5+ 46. Kg1 Nf6 47. Rf1 1-0

[Event "29th Czech Rapid G1 2018"]
[Site "Pardubice CZE"]
[Date "2018.07.18"]
[Round "3.49"]
[White "Mosesov, Danylo"]
[Black "Bueble, Joschua"]
[Result "1-0"]
[WhiteTitle "FM"]
[WhiteElo "2282"]
[BlackElo "1722"]
[WhiteFideId "14149494"]
[BlackFideId "16225554"]
[EventDate "2018.07.18"]

1. e4 e6 2. d4 d5 3. Nd2 Nf6 4. e5 Nfd7 5. Bd3 c5 6. c3 Nc6 7. Ne2 cxd4 8. cxd4
f6 9. exf6 Nxf6 10. O-O Bd6 11. Nf3 Qc7 12. h3 O-O 13. Be3 Bd7 14. Rc1 Be8 15.
Nc3 Bh5 16. Nb5 Bh2+ 17. Nxh2 Qf7 18. Be2 Bg6 19. Ng4 Ne4 20. Ne5 Nxe5 21. dxe5
Rad8 22. Qb3 a6 23. Nd6 Rxd6 24. exd6 Bf5 25. g4 Bg6 26. Rc7 Qf6 27. d7 d4 28.
Bxd4 Qxd4 29. Qxe6+ Bf7 30. Qe7 Ng3 31. Bf3 Nxf1 32. Rc8 1-0

[Event "29th Czech Rapid G1 2018"]
[Site "Pardubice CZE"]
[Date "2018.07.18"]
[Round "3.50"]
[White "Holy, Filip"]
[Black "Rosko, Lubos"]
[Result "1/2-1/2"]
[BlackTitle "FM"]
[WhiteElo "2057"]
[BlackElo "2279"]
[WhiteFideId "358762"]
[BlackFideId "321192"]
[EventDate "2018.07.18"]

1. d4 Nf6 2. c4 g6 3. Nc3 d5 4. Nf3 Bg7 5. Bg5 Ne4 6. Bh4 Nxc3 7. bxc3 c5 8. e3
Nc6 9. Bd3 dxc4 10. Bxc4 cxd4 11. cxd4 O-O 12. O-O b6 13. Qe2 Bb7 14. Ba6 Qc8
15. Bxb7 Qxb7 16. Rab1 e6 17. Bg3 Rac8 18. Rfc1 Na5 19. Be5 Rxc1+ 20. Rxc1 Rc8
21. Rc2 f6 22. Bg3 Bf8 23. Qd1 Rxc2 24. Qxc2 Qc6 25. Ne1 Kf7 26. Qxc6 Nxc6 27.
Nd3 Ne7 28. Kf1 Nd5 29. Bb8 a6 30. Ba7 b5 31. Bc5 a5 32. Ke1 Bxc5 33. Nxc5 Ke7
34. Kd2 Nb4 35. a4 bxa4 36. Nxa4 e5 37. dxe5 fxe5 38. Kc3 Kd6 39. e4 Kc6 40. Nb2
Kc5 41. Na4+ Kb5 42. Nb2 a4 43. Nc4 Nc6 44. g3 g5 45. Nd6+ Kc5 46. Nf7 g4 47.
Nh6 Na7 48. Nxg4 Nb5+ 49. Kc2 Kd4 50. Nf6 h6 51. f4 Na3+ 52. Kc1 Nc4 53. Ng4
exf4 54. gxf4 h5 55. Nf6 a3 56. Kb1 h4 57. e5 Ke3 58. e6 Kxf4 59. e7 Nd6 60.
e8=Q Nxe8 61. Nxe8 Kg4 62. Ng7 h3 63. Ne6 Kf3 64. Ng5+ Kg2 65. Nxh3 Kxh2 66. Ka2
Kxh3 67. Kxa3 1/2-1/2

[Event "29th Czech Rapid G1 2018"]
[Site "Pardubice CZE"]
[Date "2018.07.18"]
[Round "3.52"]
[White "Soural, Jan"]
[Black "Gorbatenko, Alexander"]
[Result "1-0"]
[WhiteElo "2192"]
[BlackElo "2049"]
[WhiteFideId "311928"]
[BlackFideId "4145976"]
[EventDate "2018.07.18"]

1. d4 Nf6 2. c4 e6 3. g3 d5 4. Nf3 Be7 5. Bg2 O-O 6. O-O dxc4 7. Qc2 a6 8. a4
Nc6 9. Qxc4 Qd5 10. Qxd5 Nxd5 11. Nc3 Ndb4 12. Bf4 Bd6 13. Rac1 h6 14. Rfd1 Rb8
15. Bxd6 cxd6 16. d5 Na5 17. dxe6 Bxe6 18. Nd4 Bc4 19. Ne4 Bd5 20. Nxd6 Bxg2 21.
Kxg2 Rfd8 22. Nc4 Rxd4 23. Nxa5 Rxd1 24. Rxd1 b6 25. Nb3 Kf8 26. Rd7 Ke8 27. Rc7
Nd5 28. Ra7 a5 29. Nd4 Rc8 30. e3 Rc4 31. b3 Rc3 32. h4 Nf6 33. Rb7 Nd7 34. Kf3
Kd8 35. Ke2 g6 36. Kd2 Rc5 37. Ra7 Kc8 38. e4 f5 39. h5 fxe4 40. hxg6 Rg5 41.
Nc6 Rc5 42. g7 Nf6 43. Rf7 Rxc6 44. Rxf6 1-0

[Event "29th Czech Rapid G1 2018"]
[Site "Pardubice CZE"]
[Date "2018.07.18"]
[Round "3.53"]
[White "Valenta, Vit"]
[Black "Chrz, Pavel"]
[Result "0-1"]
[WhiteTitle "FM"]
[BlackTitle "CM"]
[WhiteElo "2039"]
[BlackElo "2032"]
[WhiteFideId "307440"]
[BlackFideId "307980"]
[EventDate "2018.07.18"]

1. b4 c6 2. c4 e6 3. Bb2 Qb6 4. a3 a5 5. Qa4 Nf6 6. Bc3 Ne4 7. c5 Qc7 8. Nf3
Nxc3 9. Nxc3 b5 10. cxb6 Qxb6 11. b5 cxb5 12. Nxb5 Na6 13. d4 Rb8 14. e3 Nc7 15.
Rb1 Nxb5 16. Qxb5 Qxb5 17. Bxb5 Kd8 18. a4 Ba6 19. Ke2 Bxb5+ 20. Rxb5 Rxb5 21.
axb5 Bb4 22. Rc1 d6 23. Rc6 Kd7 24. Ra6 Rb8 25. Ra7+ Ke8 26. Ng5 Rxb5 27. Nxf7
h6 28. Nh8 Rb6 29. Ng6 Kd8 30. Nf4 Kc8 31. d5 e5 32. Ne6 Kb8 33. Rc7 a4 34. Rc2
a3 35. Kd3 Ra6 36. Ra2 g5 37. Kc4 Rb6 38. f3 Kc8 39. Kd3 Kd7 40. Ke4 Ra6 41. g3
Bc3 42. h4 gxh4 43. gxh4 Bb2 44. Ng7 Ra4+ 45. Kf5 Rxh4 46. f4 exf4 47. Ne6 fxe3 0-1

[Event "29th Czech Rapid G1 2018"]
[Site "Pardubice CZE"]
[Date "2018.07.18"]
[Round "3.56"]
[White "Gschwendtner, Stanislav"]
[Black "Kutynec, Vladimir"]
[Result "0-1"]
[BlackTitle "IM"]
[WhiteElo "2032"]
[BlackElo "2273"]
[WhiteFideId "307297"]
[BlackFideId "4119843"]
[EventDate "2018.07.18"]

1. c4 f5 2. d4 Nf6 3. Nf3 e6 4. g3 Be7 5. Bg2 O-O 6. Bf4 d6 7. Nc3 h6 8. h4 a5
9. a3 Ne4 10. Nxe4 fxe4 11. Nd2 d5 12. f3 Rxf4 13. gxf4 e3 14. Nb3 Bxh4+ 15. Kf1
dxc4 16. Nc5 Bf6 17. Ne4 Bxd4 18. Qc2 b5 19. Rd1 Nc6 20. Ng5 hxg5 21. Qh7+ Kf8
22. fxg5 Qxg5 23. Qh8+ Ke7 24. f4 Qxf4+ 25. Bf3 Qg3 26. Rh2 e5 27. Bxc6 Bb7 0-1

[Event "29th Czech Rapid G1 2018"]
[Site "Pardubice CZE"]
[Date "2018.07.18"]
[Round "3.59"]
[White "Bystrov, Sergej M."]
[Black "Ludvik, Tomas"]
[Result "1/2-1/2"]
[WhiteTitle "IM"]
[WhiteElo "2233"]
[BlackElo "2048"]
[WhiteFideId "4118561"]
[BlackFideId "367664"]
[EventDate "2018.07.18"]

1. d4 d5 2. Nf3 Nf6 3. c4 c6 4. Qc2 g6 5. Bf4 Bf5 6. Qb3 Qb6 7. e3 Nbd7 8. h3
Bg7 9. Nc3 Qxb3 10. axb3 O-O 11. Be2 Rfe8 12. g4 Be4 13. Nxe4 Nxe4 14. cxd5 cxd5
15. Bb5 a6 16. Bxd7 Red8 17. Ke2 Rxd7 18. Rhc1 f6 19. Bc7 Rc8 20. Ba5 Rxc1 21.
Rxc1 e6 22. Rc8+ Kf7 23. Ne1 Bf8 24. Nd3 Bd6 25. f3 Ng3+ 26. Kf2 h5 27. Kg2 h4
28. Be1 Rc7 29. Rxc7+ Bxc7 30. f4 Ne4 31. Bxh4 Bd6 32. Be1 Ke7 33. Kf3 Kf7 34.
Ke2 Ke7 35. Bb4 Bxb4 36. Nxb4 Ng3+ 37. Ke1 Ne4 38. Nd3 b6 39. h4 Kf7 40. Nf2 Nd6
41. Ke2 Ke7 42. Kd3 f5 43. Ke2 Kf7 44. Kf3 Kg7 45. g5 Kf7 46. Kg3 Kg7 47. h5
gxh5 48. Kh4 Kg6 49. Nd3 Ne4 50. Ne5+ Kg7 51. Kxh5 Ng3+ 52. Kh4 Nf1 53. Nd7 Nxe3
54. Nxb6 Nc2 55. Na4 Nxd4 56. Nc5 a5 57. Kg3 Kf7 58. Kf2 Nc6 59. Ke3 d4+ 60. Kd3
e5 61. fxe5 Nxe5+ 62. Kxd4 Nf3+ 63. Kd5 Nxg5 64. Ke5 Kg6 65. Nb7 Nh3 66. Nxa5 f4
67. Ke4 Kg5 68. Nc4 Nf2+ 69. Kf3 Nd3 70. Ke2 Nc1+ 71. Kd2 Nxb3+ 72. Kc3 Nc5 73.
b4 Nd7 74. Kd4 Kf5 75. Kd5 f3 76. Kd6 Nb8 77. b5 Kf4 78. Kc7 f2 79. Nd2 Ke3 80.
Nf1+ Kd4 1/2-1/2

[Event "29th Czech Rapid G1 2018"]
[Site "Pardubice CZE"]
[Date "2018.07.18"]
[Round "3.60"]
[White "Roenko, Artur"]
[Black "Ret, Adam Josef"]
[Result "1-0"]
[WhiteElo "2162"]
[BlackElo "1824"]
[WhiteFideId "14136732"]
[BlackFideId "384240"]
[EventDate "2018.07.18"]

1. e4 c5 2. d4 cxd4 3. c3 dxc3 4. Nxc3 Nc6 5. Nf3 d6 6. Bc4 Nf6 7. e5 Nxe5 8.
Nxe5 e6 9. Bb5+ Bd7 10. Nxd7 Nxd7 11. Qa4 a6 12. Bxd7+ Qxd7 13. Qxd7+ Kxd7 14.
Bf4 Be7 15. O-O-O Kc6 16. Kb1 Rad8 17. Rc1 Kb6 18. Be3+ Kc6 19. Rhd1 Kd7 20. Na4
Ke8 21. Bb6 Bg5 22. Bxd8 Bxc1 23. Kxc1 Kxd8 24. Rxd6+ Kc7 25. Rd3 b5 26. Nc5 Kb6
27. b4 Rc8 28. Rd6+ Rc6 29. Rd7 Rc7 30. Rxc7 Kxc7 31. Nxa6+ Kd6 32. Kd2 Kd5 33.
Kd3 e5 34. Nc7+ Kc6 35. Ne8 g6 36. Ke4 Kd7 37. Nf6+ Ke6 38. Nxh7 f5+ 39. Kd3 Kd5
40. h4 e4+ 41. Kc3 Ke5 42. Nf8 Kf6 43. Nd7+ Ke6 44. Nc5+ Ke5 45. g3 f4 46. gxf4+
Kxf4 47. Kd4 1-0

[Event "29th Czech Rapid G1 2018"]
[Site "Pardubice CZE"]
[Date "2018.07.18"]
[Round "3.61"]
[White "Straka, Vojtech"]
[Black "Mitra, Roman C"]
[Result "0-1"]
[WhiteElo "1977"]
[BlackElo "2104"]
[WhiteFideId "377759"]
[BlackFideId "419540"]
[EventDate "2018.07.18"]

1. d4 g6 2. c4 c6 3. Nc3 d6 4. Nf3 Bg4 5. g3 Bxf3 6. exf3 Bg7 7. Be3 Nd7 8. Bg2
Ngf6 9. O-O O-O 10. a4 e5 11. d5 c5 12. f4 Re8 13. Nb5 Nb6 14. fxe5 dxe5 15.
Bxc5 Nxc4 16. Rc1 a6 17. Rxc4 axb5 18. axb5 Qd7 19. b6 Rec8 20. b4 Qb5 21. Rc2
Nd7 22. Qc1 Nxb6 23. Bxb6 Rxc2 24. Qxc2 Qxb6 25. Qc5 Qd8 26. Rd1 b6 27. Qb5 Qd6
28. Rc1 Bf8 29. Qc6 Ra2 30. b5 Kg7 31. h3 Qa3 32. Rc3 Qd6 33. Rf3 f5 34. Rc3 e4
35. Qb7+ Kg8 36. Rc6 Qe5 37. Qxb6 Qxd5 38. Rf6 Bc5 39. Qe6+ Qxe6 40. Rxe6 Bxf2+
41. Kf1 Bxg3 42. b6 Rb2 43. Rc6 Kg7 44. h4 Bxh4 45. Rc7+ Kh6 46. Bh3 Bg3 47. Rc6
e3 48. Re6 f4 49. Bg4 f3 50. Bxf3 Rf2+ 51. Kg1 Rxf3 52. Kg2 Rf2+ 53. Kxg3 Rb2
54. Kf3 e2 55. Kf2 Kg5 56. Re5+ Kf4 57. Re7 h5 58. b7 g5 59. Rf7+ Kg4 60. Re7 h4
61. Re4+ Kf5 62. Re7 g4 63. Rxe2 Rxb7 64. Ra2 Rb4 65. Kg2 h3+ 66. Kg3 Rb3+ 67.
Kh2 Kf4 68. Rf2+ Rf3 69. Ra2 Kg5 70. Ra8 Rf2+ 71. Kg1 Rg2+ 72. Kh1 Rb2 73. Ra1
Kh4 74. Rg1 g3 75. Ra1 Rb4 76. Rg1 Rf4 77. Rb1 g2+ 78. Kh2 Rf1 79. Rb4+ Kg5 80.
Rb5+ Kf6 81. Rb6+ Ke5 82. Rg6 Rh1+ 0-1

[Event "29th Czech Rapid G1 2018"]
[Site "Pardubice CZE"]
[Date "2018.07.18"]
[Round "3.63"]
[White "Natarov, Ilya"]
[Black "Balint, Vilmos"]
[Result "0-1"]
[WhiteElo "2028"]
[BlackElo "2220"]
[WhiteFideId "24198439"]
[BlackFideId "718050"]
[EventDate "2018.07.18"]

1. d4 f5 2. Nc3 Nf6 3. Bg5 d5 4. e3 e6 5. Bd3 c5 6. dxc5 Bxc5 7. Nf3 O-O 8. O-O
Nc6 9. Bb5 a6 10. Bxc6 bxc6 11. Qe2 a5 12. Rfd1 Ba6 13. Qe1 Rb8 14. Na4 Bb4 15.
c3 Bd6 16. b3 Qc7 17. g3 Ne4 18. c4 dxc4 19. bxc4 Bxc4 20. a3 Bb3 21. Rxd6 Nxg5
22. Nxg5 Qxd6 23. Qxa5 Ra8 24. Qc5 Qd8 25. Nb6 Qxg5 26. Nxa8 Rxa8 27. Qxc6 Bd5
28. Qb5 Qg4 29. Rb1 Qe4 30. Kf1 Bc4+ 0-1

[Event "29th Czech Rapid G1 2018"]
[Site "Pardubice CZE"]
[Date "2018.07.18"]
[Round "3.64"]
[White "Balazec, Ludovit"]
[Black "Illetsko, Jaroslav"]
[Result "1-0"]
[WhiteElo "1991"]
[BlackElo "2177"]
[WhiteFideId "318078"]
[BlackFideId "301795"]
[EventDate "2018.07.18"]

1. e4 g6 2. d4 Bg7 3. f4 c6 4. Nc3 d6 5. Nf3 Bg4 6. Be3 Qb6 7. a3 Bxf3 8. gxf3
e5 9. Na4 Qa5+ 10. c3 b5 11. dxe5 bxa4 12. Qxd6 Bf8 13. Qd4 Qb6 14. O-O-O Qxd4
15. Bxd4 Bh6 16. e6 Bxf4+ 17. Kc2 f6 18. Bc4 Kf8 19. Bc5+ Kg7 20. Rd8 Nh6 21. e7
Nd7 22. Rxd7 Nf7 23. e8=Q Rhxe8 24. Rxf7+ Kh6 25. Rd1 1-0

[Event "29th Czech Rapid G1 2018"]
[Site "Pardubice CZE"]
[Date "2018.07.18"]
[Round "3.65"]
[White "Fiala, Milan"]
[Black "Vokoun, Jan"]
[Result "0-1"]
[BlackTitle "FM"]
[WhiteElo "1845"]
[BlackElo "2124"]
[WhiteFideId "346829"]
[BlackFideId "301647"]
[EventDate "2018.07.18"]

1. d4 b6 2. c4 Bb7 3. Nc3 e6 4. e4 Bb4 5. e5 d5 6. Qg4 Kf8 7. Nf3 Ne7 8. Bg5 h6
9. Bxe7+ Qxe7 10. a3 Bxc3+ 11. bxc3 Qd7 12. cxd5 Qxd5 13. Bd3 Qb3 14. O-O Qxc3
15. Be4 Bxe4 16. Qxe4 c6 17. Rfc1 Qa5 18. Qh4 Kg8 19. Qe7 Na6 20. Rxc6 Qd5 21.
Rac1 Rd8 22. Qxa7 Nc5 23. Qxb6 Nd3 24. Rd1 Nf4 25. h3 Kh7 26. Rc7 Rhf8 27. Qa7
Kg8 28. Kh1 Nxh3 29. Rf1 Nf4 30. Rc5 Qe4 31. Re1 Qg6 32. g3 Qh5+ 33. Nh2 Nd3 34.
Rec1 Nxc1 35. Rxc1 Qe2 36. Kg1 Qb2 37. Rd1 Qc2 38. Rf1 Qc3 39. a4 Qxd4 40. Qc7
Qxa4 41. Ng4 Rd1 42. Ne3 Rxf1+ 43. Kxf1 Qe4 44. Kg1 Ra8 45. Qc1 Rb8 46. Qc7 Rb1+
47. Nf1 Qd3 48. Kh2 Rxf1 49. Qc8+ Kh7 50. Qf8 Rxf2+ 51. Kh3 Qf5+ 52. Kh4 Rh2# 0-1

[Event "29th Czech Rapid G1 2018"]
[Site "Pardubice CZE"]
[Date "2018.07.18"]
[Round "3.67"]
[White "Ruzicka, Josef"]
[Black "Chubar, Vladimir"]
[Result "0-1"]
[BlackTitle "IM"]
[WhiteElo "2139"]
[BlackElo "2016"]
[WhiteFideId "383244"]
[BlackFideId "14101491"]
[EventDate "2018.07.18"]

1. e4 e6 2. d4 d5 3. Nd2 dxe4 4. Nxe4 Bd7 5. Nf3 Bc6 6. Bd3 Nd7 7. Qe2 Be7 8.
Bg5 Bxe4 9. Qxe4 Bxg5 10. Qxb7 Be7 11. Ne5 Nxe5 12. dxe5 Rb8 13. Qxa7 Nh6 14.
Rd1 Qc8 15. Qa4+ Kf8 16. Rb1 g6 17. O-O Kg7 18. b4 Qb7 19. Rfe1 Nf5 20. c4 Rhd8
21. Be4 Qb6 22. c5 Qb5 23. Qa7 Rbc8 24. a4 Qc4 25. Bb7 Rb8 26. Ba6 Qf4 27. b5
Rd2 28. Rf1 Rbd8 29. Qxc7 Bh4 30. g3 Nxg3 31. fxg3 Qe3+ 32. Kh1 Qe4+ 0-1

[Event "29th Czech Rapid G1 2018"]
[Site "Pardubice CZE"]
[Date "2018.07.18"]
[Round "3.68"]
[White "Joukl, Zdenek"]
[Black "Trost, Martin"]
[Result "1-0"]
[WhiteElo "2029"]
[BlackElo "1838"]
[WhiteFideId "304247"]
[BlackFideId "1710737"]
[EventDate "2018.07.18"]

1. d4 d5 2. Nf3 Nf6 3. Bf4 e6 4. e3 Bd6 5. Ne5 O-O 6. Nd2 c5 7. c3 Nc6 8. Bd3
Qc7 9. Ndf3 Ne4 10. Nxc6 Bxf4 11. Ne7+ Qxe7 12. exf4 b6 13. O-O Bb7 14. Re1 Rac8
15. a4 a6 16. Re3 c4 17. Bc2 Rfe8 18. Qe2 Nf6 19. Ne5 Nd7 20. Rh3 g6 21. Ng4 Nf6
22. Nh6+ Kg7 23. Re1 Rc7 24. Qf3 Ng8 25. Ng4 Nf6 26. Ne5 Nd7 27. Qe3 Rcc8 28. f5
g5 29. Nxd7 Qxd7 30. Qxg5+ 1-0

[Event "29th Czech Rapid G1 2018"]
[Site "Pardubice CZE"]
[Date "2018.07.19"]
[Round "4.1"]
[White "Gasanov, Eldar"]
[Black "Movsesian, Sergei"]
[Result "1/2-1/2"]
[WhiteTitle "GM"]
[BlackTitle "GM"]
[WhiteElo "2475"]
[BlackElo "2635"]
[WhiteFideId "14104466"]
[BlackFideId "310204"]
[EventDate "2018.07.18"]

1. d4 Nf6 2. c4 e6 3. Nf3 d5 4. e3 a6 5. b3 c5 6. Bb2 cxd4 7. exd4 Nc6 8. Bd3
Be7 9. O-O O-O 10. Nbd2 b6 11. Rc1 Bb7 12. Qe2 dxc4 13. bxc4 b5 14. c5 Nd5 15.
Bb1 Qc7 16. Ne4 Rad8 17. Rfe1 g6 18. Ne5 Rfe8 19. Qf3 f6 20. Nxc6 Bxc6 21. Qg3
Qxg3 22. hxg3 f5 23. Nd2 Bf6 24. Nb3 Kf7 25. Na5 Rc8 26. a4 Ne7 27. Ba2 Bd5 28.
Bxd5 Nxd5 29. axb5 axb5 30. Nb7 Be7 31. Ra1 Rc7 32. Na5 Ra8 33. Nc4 Rca7 34.
Ne5+ Ke8 35. Rab1 Ra6 36. Nd3 Kd7 37. Bc1 Rb8 38. Bf4 Nxf4 39. gxf4 Bf6 40. Nb4
Ra4 41. Red1 Rc8 42. Rb3 Rca8 43. d5 Ra1 44. dxe6+ Kxe6 45. Re3+ Kf7 46. Ree1
Rxd1 47. Rxd1 Be7 48. Rd7 Ke6 49. Rc7 Ra4 50. Nd3 Rd4 51. Ne5 Rxf4 52. g3 Ra4
53. Nd3 g5 54. Kf1 Rc4 55. Ke2 h5 56. Rb7 Bxc5 57. Rxb5 Bd6 58. Rb7 Bc7 59. Ra7
h4 60. Ra6+ Bd6 61. gxh4 gxh4 62. Ra8 h3 63. Rh8 h2 64. f4 Kd5 65. Kf3 Rc3 66.
Ke3 Kc4 67. Rc8+ Kb3 68. Rh8 Bc5+ 69. Ke2 Rc2+ 70. Kf3 Bb6 71. Ne5 Bg1 72. Kg3
Rc7 73. Kg2 Rg7+ 74. Kh1 Bd4 75. Kxh2 Bxe5 76. fxe5 1/2-1/2

[Event "29th Czech Rapid G1 2018"]
[Site "Pardubice CZE"]
[Date "2018.07.19"]
[Round "4.2"]
[White "Bernadskiy, Vitaliy"]
[Black "Zwardon, Vojtech"]
[Result "1-0"]
[WhiteTitle "GM"]
[BlackTitle "IM"]
[WhiteElo "2586"]
[BlackElo "2424"]
[WhiteFideId "14100371"]
[BlackFideId "325511"]
[EventDate "2018.07.18"]

1. d4 Nf6 2. Bg5 Ne4 3. Bf4 d5 4. f3 Nf6 5. Nc3 Bf5 6. Qd2 h6 7. e3 e6 8. g4 Bh7
9. h4 Be7 10. O-O-O a6 11. Nge2 Nbd7 12. Ng3 Bd6 13. g5 Bxf4 14. exf4 Ng8 15. f5
Bxf5 16. Nxf5 exf5 17. Nxd5 Nf8 18. Re1+ Kd7 19. Bd3 g6 20. Qb4 Kc8 21. Qc4 Kb8
22. Nxc7 Ne6 23. Nxa8 Kxa8 24. d5 Nc7 25. Qd4 Rh7 26. Qb6 Qc8 27. Re5 hxg5 28.
d6 Ne6 29. Bxa6 Qc6 30. Qxc6 bxc6 31. d7 1-0

[Event "29th Czech Rapid G1 2018"]
[Site "Pardubice CZE"]
[Date "2018.07.19"]
[Round "4.3"]
[White "Deepan, Chakkravarthy J."]
[Black "Paravyan, David"]
[Result "0-1"]
[WhiteTitle "GM"]
[BlackTitle "GM"]
[WhiteElo "2519"]
[BlackElo "2638"]
[WhiteFideId "5011132"]
[BlackFideId "4194985"]
[EventDate "2018.07.18"]

1. e4 c5 2. Nf3 d6 3. d4 cxd4 4. Nxd4 Nf6 5. Nc3 a6 6. g3 g6 7. Bg2 Bg7 8. O-O
O-O 9. a4 Nc6 10. Nxc6 bxc6 11. e5 dxe5 12. Bxc6 Rb8 13. Qe2 Qd6 14. Bf3 Bf5 15.
Rd1 Qc7 16. Qxa6 Bxc2 17. Re1 Rfc8 18. a5 e4 19. Nxe4 Nxe4 20. Bxe4 Bxe4 21.
Rxe4 Bxb2 22. Bxb2 Rxb2 23. Re2 Rb3 24. Rea2 h5 25. Qe2 h4 26. Qg4 Rcb8 27. Qxh4
R8b4 28. Qh6 Rb1+ 29. Rxb1 Rxb1+ 30. Kg2 Qc4 31. Rd2 Qf1+ 32. Kf3 Qh1+ 33. Kg4
Rb4+ 34. f4 Rb8 35. Qg5 f5+ 36. Kh4 Kf7 37. Qh6 Rg8 38. Re2 Qa1 39. g4 Rh8 0-1

[Event "29th Czech Rapid G1 2018"]
[Site "Pardubice CZE"]
[Date "2018.07.19"]
[Round "4.4"]
[White "Potapov, Pavel"]
[Black "Sengupta, Deep"]
[Result "1-0"]
[WhiteTitle "GM"]
[BlackTitle "GM"]
[WhiteElo "2500"]
[BlackElo "2565"]
[WhiteFideId "4169786"]
[BlackFideId "5008352"]
[EventDate "2018.07.18"]

1. e4 c6 2. d4 d5 3. e5 c5 4. dxc5 e6 5. a3 Bxc5 6. Qg4 Kf8 7. b4 Bb6 8. Bb2 a5
9. b5 Nd7 10. Nf3 Ne7 11. Nbd2 Qc7 12. Bd3 Ng6 13. Qg3 Nc5 14. Rc1 Bd7 15. O-O
Rc8 16. h4 Ne7 17. Nb3 Ne4 18. Qf4 f5 19. c4 Qd8 20. a4 h6 21. Ba3 Kg8 22. c5
Bc7 23. Nbd4 g5 24. Qe3 Bb8 25. hxg5 Ng6 26. c6 bxc6 27. bxc6 Nxe5 28. cxd7 Rxc1
29. Rxc1 Qxd7 30. Bb5 Qf7 31. Nxe5 Bxe5 32. Nc6 Bd6 33. Bxd6 Nxd6 34. Ne5 Qg7
35. g6 Qe7 36. Qb6 1-0

[Event "29th Czech Rapid G1 2018"]
[Site "Pardubice CZE"]
[Date "2018.07.19"]
[Round "4.5"]
[White "Rasik, Vitezslav"]
[Black "Plat, Vojtech"]
[Result "1-0"]
[WhiteTitle "GM"]
[BlackTitle "GM"]
[WhiteElo "2458"]
[BlackElo "2543"]
[WhiteFideId "300306"]
[BlackFideId "325740"]
[EventDate "2018.07.18"]

1. e4 e5 2. Nf3 d6 3. d4 exd4 4. Qxd4 a6 5. Bg5 Nc6 6. Qd2 Nf6 7. Nc3 Be7 8.
O-O-O Be6 9. h3 b5 10. g4 O-O 11. Bxf6 Bxf6 12. Nd5 Re8 13. Kb1 Ne5 14. Nd4 Bxd5
15. exd5 Ng6 16. Nc6 Qd7 17. f4 h6 18. g5 hxg5 19. fxg5 Be5 20. h4 Bf4 21. Qf2
Qg4 22. Bh3 Qe2 23. Qxe2 Rxe2 24. h5 Nf8 25. g6 fxg6 26. hxg6 Rae8 27. Bf5 Bh6
28. Bd3 R2e3 29. a3 Nd7 30. Bf5 Nf8 31. Rhf1 Bg5 32. Bd3 Bf6 33. Nb4 a5 34. Nc6
b4 35. a4 Nd7 36. Nxa5 Nc5 37. Bb5 Ra8 38. Rde1 Rg3 39. Bc6 Rf8 40. Be8 Bg5 41.
Bf7+ Kh8 42. Rh1+ Bh6 43. b3 Rg4 44. Nc6 Ne4 45. Kb2 Ng5 46. Be6 Rg2 47. Nxb4
Nf3 48. Ref1 Rxg6 49. a5 Rgf6 50. a6 Ra8 51. Rh3 c5 52. Nc6 Ng5 53. Rxf6 Nxh3
54. Rf7 Ng1 55. a7 1-0

[Event "29th Czech Rapid G1 2018"]
[Site "Pardubice CZE"]
[Date "2018.07.19"]
[Round "4.6"]
[White "Hasangatin, Ramil"]
[Black "Vorobiov, Evgeny E."]
[Result "0-1"]
[WhiteTitle "GM"]
[BlackTitle "GM"]
[WhiteElo "2497"]
[BlackElo "2564"]
[WhiteFideId "4122160"]
[BlackFideId "4121341"]
[EventDate "2018.07.18"]

1. d4 Nf6 2. Nf3 g6 3. Nc3 d5 4. Bf4 Bg7 5. e3 O-O 6. Nb5 Na6 7. h3 c6 8. Nc3
Nc7 9. Bd3 a5 10. O-O a4 11. a3 b6 12. e4 Ne6 13. Be5 dxe4 14. Nxe4 Ba6 15. Bxa6
Rxa6 16. Nxf6+ exf6 17. Bh2 Qd5 18. c3 b5 19. Ne1 Re8 20. Nd3 Bf8 21. Re1 Raa8
22. Nf4 Nxf4 23. Bxf4 Re6 24. Rxe6 fxe6 25. Qe2 Ra7 26. Rc1 Qc4 27. Qxc4 bxc4
28. Be3 Rb7 29. Rc2 Rb5 30. Kf1 h5 31. Ke2 Kf7 32. Kf3 g5 33. g4 Kg6 34. Bc1
hxg4+ 35. hxg4 Bd6 36. Re2 Kf7 37. Re1 Rb8 38. Rh1 Kg6 39. Re1 Re8 40. Bd2 Kf7
41. Rh1 Bf8 42. Bc1 Rb8 43. Rh7+ Bg7 44. Rh1 Rb3 45. Re1 Bf8 46. Rh1 Rb8 47.
Rh7+ Bg7 48. Rh1 Rh8 49. Rxh8 Bxh8 50. Ke4 Kg6 51. f3 Bg7 52. Ke3 Bf8 53. Ke2
Bd6 54. Be3 f5 55. Kf2 Kf6 56. Ke2 Bg3 57. Bd2 Bb8 58. Be3 Bc7 59. Bd2 Bd6 60.
Be3 Bf4 61. Bxf4 gxf4 62. gxf5 Kxf5 63. Kf2 c5 64. Kg2 cxd4 65. cxd4 e5 66. dxe5
Kxe5 67. Kh3 Kd4 68. Kh4 Kd3 69. Kg5 Kc2 0-1

[Event "29th Czech Rapid G1 2018"]
[Site "Pardubice CZE"]
[Date "2018.07.19"]
[Round "4.7"]
[White "Pulpan, Jakub"]
[Black "Schlosser, Philipp"]
[Result "1/2-1/2"]
[WhiteTitle "IM"]
[BlackTitle "GM"]
[WhiteElo "2386"]
[BlackElo "2501"]
[WhiteFideId "302759"]
[BlackFideId "4600169"]
[EventDate "2018.07.18"]

1. e4 e5 2. Nf3 Nc6 3. Bb5 a6 4. Ba4 Nf6 5. O-O Be7 6. d3 b5 7. Bb3 d6 8. a3 O-O
9. Nc3 Na5 10. Ba2 c5 11. Nd5 Nxd5 12. Bxd5 Bb7 13. Bxb7 Nxb7 14. c3 Bf6 15. Qb3
c4 16. dxc4 Na5 17. Qc2 Nxc4 18. Rd1 Qc7 19. Nd2 Qc6 20. Nxc4 bxc4 21. Be3 Rab8
22. Rd5 Rb3 23. Rad1 Be7 24. Qe2 Rfb8 25. Bc1 R3b5 26. g3 g6 27. h4 Rxd5 28.
Rxd5 Rb5 29. Rxb5 axb5 30. Kg2 d5 31. exd5 Qxd5+ 32. f3 f5 33. Be3 Kf7 34. Bf2
Ke6 35. Qe3 e4 36. f4 Bd6 37. Kh2 Qd3 38. Qb6 Qe2 39. Kh3 Qf3 40. Kh2 Qe2 41.
Kh3 Qf3 42. Kh2 1/2-1/2